| Registos Bibliográficos associados ao registo de autoridade |
|
Etiqueta de registo: 00254nam 2200025 450 001 2284568 003 http://id.bnportugal.gov.pt/bib/catbnp/2284568 100 ## $a20260416d2025 m y0pory01030103ba 101 0# $apor$deng 102 ## $aPT 105 ## $ay z 000yy 106 ## $ar 200 1# $a A intervenção da vítima no processo penal português$e o princípio da autonomia da vontade$fMagda Elsa Araújo Cerqueira$gorient. Margarida Maria Oliveira Santos 210 #9 $a[S.l.$cs.n.],$d2025 215 ## $aXIII, 266 p.$d30 cm 328 #1 $aTese dout. Ciências Jurídicas (Ciências Jurídicas Públicas), Universidade do Minho,
2025 675 ## $a343.12(469)(043)$vBN$zpor$31368515 700 #1 $aCerqueira,$bMadga Elsa de Araújo$31995983 702 #1 $93$aSantos,$bMargarida$4727$31641244 801 #0 $aPT$bBN$gRPC 966 ## $lBN$mFGMON$sS.C. 168884 V.$x1 971 ## $cisantos$d20260416 972 ## $e0$z0$d20260519$vasantos 973 ## $ctrodrigues$d20260515
|
|
|